1061 1623 1455 1340 1307 1193 1700 1867 1632 1686 1139 1913 1704 1832 1604 1289 1462 1776 1477 1516 1381 1667 1001 1100 1534 1580 1442 1654 1136 1461 1557 1405 1662 1936 1296 1923 1160 1758 1122 1796 1645 1330 1868 1234 1470 1744 1445 1046 1329 1246 1434 1302 1758 1757 1919 1538 1928 1651 1853 1800 1579 1351 1693 1130 1380 1647 1545 1409 1009 1184 1718 1491 1590 1442 1026 1767 1786 1629 1516 1500 1136 1711 1096 1986 1284 1033 1892 1648 1666 1925 1331 1297 1811 1596 1687 1222 1243 1505 1051 BCNSPRNW ULIB Ver.6.0+V

เปลี่ยนเป็นภาษาไทย

Change to English
 แสดงรายละเอียดบรรณานุกรม
  กลับหน้าหลัก

Brief Record : Get Marc (ISO 2709) : E-mail record : QR code < ปิดหน้าต่าง
LEADER : 00000nam 2200000uu 4500
001    13399109183
003     ULIB
008    110203s2549||||th 000 0 tha d
020    9746134248(ล.1)
060  4 WA465^bม246พ ล.1 2549
110 1  มหาวิทยาลัยสุโขทัยธรรมาธิราช^bสาขาวิชาวิทยาศาสตร์สุขภาพ
245 00 เอกสารการสอนชุดวิชา พิษวิทยาและเวชศาสตร์อุตสาหกรรม หน่วยที่1-7=^b Toxicology and industrial medicine/^cสาขาวิชาวิทยาศาสตร์สุขภาพ มหาวิทยาลัยสุโขทัยธรรมาธิราช
246 0  Toxicology and industrial medicine
250    พิมพ์ครั้งที่ 12
260    นนทบุรี:^bศูนย์หนังสือมหาวิทยาลัยสุโขทัยธรรมาธิราช,^c2549
300    342 หน้า
650  7 พิษวิทยา
650  7 เวชศาสตร์อุตสาหกรรม
995    ทศพร
999 ^a ใช้งานได้ทุกระบบ
รายการนี้ยังไม่มีแท็ก
คุณยังไม่ได้ล็อกอิน คุณสามารถมีกิจกรรมร่วมกับเว็บไซต์ได้ แต่ต้องล็อกอินก่อน ::
  ล็อกอิน

รายการสื่อสารสนเทศ

ลำดับที่ ประเภท เลขเรียก/บาร์โค้ด สถานที่ สถานะ
- ไม่พบข้อมูล -

รายการใกล้เคียง
    หัวเรื่อง [พิษวิทยา]
    หัวเรื่อง [เวชศาสตร์อุตสาหกรรม]

BibComment


ยังไม่เคยถูกคอมเมนท์

คอมเมนท์ทรัพยากรรายการนี้
  คอมเมนท์: เอกสารการสอนชุดวิ..


 Copyright 2026. Bcnsprnw @Library